000 00315nam a22001337a 4500
008 180227b xxu||||| |||| 00| 0 eng d
020 _a9780314199386
041 _aeng
080 _a34
100 _a14
101 _aJUR
245 _aClimate change law mitigation and adaptation
_cHildreth,R.G
942 _2udc
_cBK
999 _c43552
_d43552